000 01094nas a2200241 454500
001 1548
005 20260407193503.0
008 260407s1974####ag###########|||spa#d
003 AR-UNSa-BCEJYS
040 _aAR-UNSa-BCEJYS
_bspa
_cAR-UNSa-BCEJYS
080 _a339.5
_xComercio exterior. Comercio Internacional
245 1 0 _aForum de comercio internacional
022 _a0251-009X
264 1 _aGinebra :
_bCentro de Comercio Internacional
_c1974
310 _aFrecuencia: Trimestral Cambia de Director a partir del Nº 1, Año 1998 por Natalie Domeisen. Cambia de Director a partir del Nº 3, Año 2009 por Micaela Daniel Cambia de Director a partir del Nº 3, Año 2012 por Jacquelyn Campo Cambia de Director a partir del Nº 4, Año 2012 por Jarle Hetland
942 _cSER
590 _aniveau_biblio:s niveau_hierar:1
100 1 _aGoertz, Janice
700 1 _aCentro de Comercio Internacional (CCI)
650 _aExportación/importación
650 _aComercio internacional
856 4 1 _uhttps://biblioeco.unsa.edu.ar/pmb/images/revistas/Forum.jpg
_yImagen de portada
_qimage/jpeg
999 _c8382
_d8382